CFB - LSU Tigers Starting Lineup - 2019 - Statistics

General Stats
  • This quiz has been taken 387 times
  • The average score is 8 of 22
Answer Stats
Hint Answer % Correct
QB Joe Burrow
100%
WR Ja'Marr Chase
99%
WR Justin Jefferson
99%
RB Clyde Edwards-Helaire
78%
TE Thaddeus Moss
63%
CB Derek Stingley
55%
WR Terrace Marshall Jr.
50%
LB Patrick Queen
48%
FS Grant Delpit
38%
LB K’Lavon Chaisson
23%
CB Kristian Fulton
20%
C Lloyd Cushenberry
16%
SS Jacoby Stevens
12%
DE Rashard Lawrence
12%
RT Austin Deculus
11%
MLB Jacob Phillips
11%
RG Damien Lewis
10%
LT Saahdiq Charles
10%
MLB Michael Divinity
7%
LG Adrian Magee
5%
DE Breiden Fehoko
5%
DT Tyler Shelvin
5%
No matching quizzes found
Score Distribution
Percent of People with Each Score
Percentile by Number Answered
Your Score History
You have not taken this quiz